000 00409nam a22001577a 4500
005 20240614103857.0
008 160521b xxu||||| |||| 00| 0 eng d
020 _a981-254-268-X
041 _aeng
082 _b3664
_a512.5
100 _aLIPSCHUTZ SEYMOUR LIPSON MARC LARS
_98431
245 _aTHEORY AND PROBLEM OF DISCRETE MATHEMATICS
260 _aAUSTRALIA
_bTHOMSON
_c2004
300 _a418
942 _cBK
999 _c1253
_d1253